[Event "Titled Tuesday intern op 19th Sep Early"]
[Site "Chess.com INT"]
[Date "2023.09.19"]
[Round "4"]
[White "Kraiouchkine, Nikita"]
[Black "Kobalia, Mihail"]
[Result "0-1"]
[WhiteElo "2218"]
[BlackElo "2542"]
[PlyCount "100"]
[EventDate "2023.09.19"]
[EventType "swiss (blitz)"]
[EventRounds "11"]
[EventCountry "USA"]
[SourceTitle "EXT 2024"]
[Source "ChessBase"]
[SourceDate "2023.10.10"]
[SourceVersion "1"]
[SourceVersionDate "2023.10.10"]
[SourceQuality "1"]

1. e4 c5 2. Nf3 e6 3. d4 cxd4 4. Nxd4 a6 5. Bd3 Bc5 6. Nb3 Be7 7. Qg4 g6 8. Qg3 d6 9. f4 Nf6 10. Be3 Nc6 11. a3 0-0 12. c4 d5 13. e5 Nh5 14. Qf3 f6 15. cxd5 exd5 16. e6 Bxe6 17. N1d2 d4 18. Bf2 Bd5 19. Bc4 Bxc4 20. Nxc4 Qc7 21. g3 b5 22. Ncd2 Rac8 23. Rc1 Qd7 24. 0-0 f5 25. Nc5 Bxc5 26. Rxc5 Nf6 27. Rfc1 Ne7 28. Rxc8 Rxc8 29. Rxc8+ Nxc8 30. Qa8 Kf7 31. Qxa6 Ne7 32. Nf3 Qd5 33. Ng5+ Kg7 34. Ne6+ Kf7 35. Nxd4 Ng4 36. Qxb5 Qe4 37. Qc4+ Nd5 38. Qe2 Nde3 39. Bxe3 Nxe3 40. Nf3 Kg7 41. b4 Kh6 42. b5 Qb1+ 43. Kf2 Ng4+ 44. Kg2 Qb3 45. h3 Nf6 46. Ne5 Ne4 47. Nf3 Qxa3 48. g4 Qb3 49. g5+ Kg7 50. Qe3 Qxe3 0-1

[Event "Titled Tuesday intern op 19th Sep Early"]
[Site "Chess.com INT"]
[Date "2023.09.19"]
[Round "2"]
[White "Vakhlamov, Igor L"]
[Black "Kraiouchkine, Nikita"]
[Result "1-0"]
[WhiteElo "2413"]
[BlackElo "2218"]
[PlyCount "71"]
[EventDate "2023.09.19"]
[EventType "swiss (blitz)"]
[EventRounds "11"]
[EventCountry "USA"]
[SourceTitle "EXT 2024"]
[Source "ChessBase"]
[SourceDate "2023.10.10"]
[SourceVersion "1"]
[SourceVersionDate "2023.10.10"]
[SourceQuality "1"]

1. e4 e5 2. Nf3 Nc6 3. Nc3 Nf6 4. Bb5 Nd4 5. Nxd4 exd4 6. e5 dxc3 7. exf6 Qxf6 8. dxc3 Bc5 9. 0-0 0-0 10. a4 c6 11. Bd3 d5 12. Qd2 Bf5 13. Qf4 Bg6 14. Qxf6 gxf6 15. Bf4 Rfe8 16. b4 Bf8 17. Rfe1 Re6 18. Kf1 Rae8 19. Be3 a6 20. Bd4 Bg7 21. Rab1 Rxe1+ 22. Rxe1 Rxe1+ 23. Kxe1 Bxd3 24. cxd3 f5 25. Bxg7 Kxg7 26. Kd2 Kf6 27. Ke3 Ke5 28. d4+ Kf6 29. Kf4 h6 30. f3 Ke6 31. g4 fxg4 32. fxg4 Kf6 33. a5 Ke6 34. g5 h5 35. h3 f5 36. h4 1-0

[Event "Titled Tuesday intern op 15th Aug Early"]
[Site "Chess.com INT"]
[Date "2023.08.15"]
[Round "8"]
[White "Kraiouchkine, Nikita"]
[Black "Krivenko, Dion"]
[Result "1-0"]
[WhiteElo "2218"]
[BlackElo "2190"]
[PlyCount "97"]
[EventDate "2023.08.15"]
[EventType "swiss (blitz)"]
[EventRounds "11"]
[EventCountry "USA"]
[SourceTitle "EXT 2024"]
[Source "ChessBase"]
[SourceDate "2023.10.10"]
[SourceVersion "1"]
[SourceVersionDate "2023.10.10"]
[SourceQuality "1"]

1. e4 e6 2. d4 d5 3. e5 c5 4. c3 Nc6 5. Nf3 Bd7 6. a3 c4 7. Nbd2 Nh6 8. g3 Nf5 9. h4 Be7 10. Bh3 g6 11. Nf1 Qc7 12. N1h2 0-0-0 13. Qe2 Rhf8 14. h5 f6 15. exf6 Rxf6 16. Ng4 Rff8 17. Bf4 Bd6 18. Bxd6 Qxd6 19. Nge5 gxh5 20. 0-0-0 Be8 21. Rde1 Na5 22. Nd2 b5 23. Bg2 Qa6 24. Nef3 Bd7 25. Rxh5 Rf7 26. Ne5 Re7 27. Reh1 h6 28. g4 Nd6 29. Rxh6 b4 30. cxb4 Nc6 31. Nxc6 Qxc6 32. Kb1 Nb5 33. Qe3 Kb8 34. Rc1 Rf8 35. Nxc4 Ref7 36. Ne5 Qb6 37. Nxf7 Rxf7 38. Qe5+ Kb7 39. Rh8 Rxf2 40. Rb8+ Ka6 41. Rxb6+ axb6 42. Qb8 Na7 43. Rc7 Kb5 44. Qxa7 Bc6 45. Rxc6 Kxc6 46. Qa8+ Kb5 47. Qe8+ Kc4 48. Qc6+ Kxd4 49. Qc3# 1-0

[Event "Titled Tuesday intern op 08th Aug Early"]
[Site "Chess.com INT"]
[Date "2023.08.08"]
[Round "8"]
[White "Kraiouchkine, Nikita"]
[Black "Tristan, Leonardo"]
[Result "1-0"]
[WhiteElo "2218"]
[BlackElo "2526"]
[PlyCount "191"]
[EventDate "2023.08.08"]
[EventType "swiss (blitz)"]
[EventRounds "11"]
[EventCountry "USA"]
[SourceTitle "EXT 2024"]
[Source "ChessBase"]
[SourceDate "2023.10.10"]
[SourceVersion "1"]
[SourceVersionDate "2023.10.10"]
[SourceQuality "1"]

1. e4 d5 2. exd5 Qxd5 3. Nc3 Qa5 4. d4 Nf6 5. Nf3 Bf5 6. Bd2 e6 7. Bc4 Bb4 8. a3 Bxc3 9. Bxc3 Qb6 10. Qe2 0-0 11. Ne5 Nc6 12. 0-0 Rad8 13. Nxc6 Qxc6 14. Bb3 Nd5 15. Bd2 Nb6 16. c3 Be4 17. f3 Bd5 18. Bxd5 exd5 19. b3 a5 20. a4 Nc8 21. Qd3 Nd6 22. Rfe1 Rfe8 23. Rxe8+ Rxe8 24. Re1 Rxe1+ 25. Bxe1 Qe8 26. Kf2 h5 27. Qe3 Qxe3+ 28. Kxe3 f6 29. Kd3 Kf7 30. c4 dxc4+ 31. bxc4 b6 32. c5 Nf5 33. Ke4 Ne7 34. cxb6 cxb6 35. d5 Ke8 36. Bf2 Nc8 37. Kf5 Kf7 38. Bg3 g6+ 39. Ke4 Ke7 40. Bf2 Kd7 41. g4 Nd6+ 42. Kd3 b5 43. gxh5 gxh5 44. axb5 Nxb5 45. Kc4 Nd6+ 46. Kc5 Nf5 47. Kb5 Kd6 48. Kc4 Ke5 49. Bb6 Kd6 50. Bxa5 Ne3+ 51. Kd4 Nxd5 52. Ke4 Ke6 53. Bd2 Ne7 54. Kf4 Ng6+ 55. Ke4 Nh4 56. Bc3 Ng2 57. Bd2 Nh4 58. Bc3 Ng6 59. Bd2 f5+ 60. Ke3 Kf6 61. Kf2 f4 62. Bc3+ Kf5 63. Ke2 Ne7 64. Bb2 Nd5 65. Bd4 Nb4 66. Bc5 Nc6 67. Bb6 Ne5 68. Bd4 Nf7 69. Ba7 Nd6 70. Bb8 Nb5 71. Kf2 Kg5 72. Kg2 Nd4 73. Kf2 Nf5 74. Be5 Nh4 75. Bc7 Ng6 76. Bd8+ Kf5 77. Bc7 Ke6 78. Bb8 Kf5 79. Ke2 Ne7 80. Kd3 Nd5 81. Ke2 Nb6 82. Ba7 Na4 83. Bd4 Ke6 84. Kd3 Kd5 85. Ba7 Nb2+ 86. Kc2 Nc4 87. Bb8 Ne5 88. Bxe5 Kxe5 89. Kc3 Kd5 90. Kd3 Ke5 91. Kc4 Kf5 92. Kd4 Kg5 93. Ke4 Kh4 94. Kxf4 Kh3 95. Kg5 h4 96. f4 1-0

[Event "Titled Tuesday intern op 08th Aug Early"]
[Site "Chess.com INT"]
[Date "2023.08.08"]
[Round "4"]
[White "Kraiouchkine, Nikita"]
[Black "Vaglio Munoz, Jaime"]
[Result "1-0"]
[WhiteElo "2218"]
[BlackElo "2174"]
[PlyCount "59"]
[EventDate "2023.08.08"]
[EventType "swiss (blitz)"]
[EventRounds "11"]
[EventCountry "USA"]
[SourceTitle "EXT 2024"]
[Source "ChessBase"]
[SourceDate "2023.10.10"]
[SourceVersion "1"]
[SourceVersionDate "2023.10.10"]
[SourceQuality "1"]

1. e4 c5 2. Nf3 Qa5 3. c4 Nc6 4. Nc3 g6 5. g3 Bg7 6. Bg2 d6 7. 0-0 Bg4 8. h3 Bxf3 9. Qxf3 Nd4 10. Qd1 Nf6 11. d3 0-0 12. a3 Rab8 13. Rb1 a6 14. b4 Qc7 15. Be3 e5 16. f4 Nh5 17. Kh2 exf4 18. gxf4 f5 19. Nd5 Qd8 20. bxc5 dxc5 21. e5 g5 22. Qxh5 Ne6 23. fxg5 f4 24. Be4 Nxg5 25. Bxf4 Rxf4 26. Rxf4 Bxe5 27. Bxh7+ Kg7 28. Rg1 Qd6 29. Rxg5+ Kh8 30. Bf5+ 1-0

[Event "Titled Tuesday intern op 20th Jun Early"]
[Site "Chess.com INT"]
[Date "2023.06.20"]
[Round "8"]
[White "Kraiouchkine, Nikita"]
[Black "Korchmar, Vasiliy"]
[Result "0-1"]
[WhiteElo "2218"]
[BlackElo "2438"]
[PlyCount "142"]
[EventDate "2023.06.20"]
[EventType "swiss (blitz)"]
[EventRounds "11"]
[EventCountry "USA"]
[SourceTitle "EXT 2024"]
[Source "ChessBase"]
[SourceDate "2023.10.10"]
[SourceVersion "1"]
[SourceVersionDate "2023.10.10"]
[SourceQuality "1"]

1. e4 c5 2. Nf3 d6 3. d4 cxd4 4. Nxd4 Nf6 5. Nc3 Nc6 6. Bc4 Qb6 7. Nb3 e6 8. Be3 Qc7 9. Qe2 a6 10. a4 Be7 11. a5 0-0 12. 0-0 Ne5 13. Bd3 Bd7 14. Bb6 Qb8 15. f4 Nxd3 16. Qxd3 Bc6 17. Rad1 Nd7 18. Be3 b5 19. axb6 Nxb6 20. Na5 Bd7 21. Qd4 Nc8 22. e5 d5 23. f5 Bb4 24. f6 Bxa5 25. Qg4 g6 26. Qg5 Bb6 27. Rd4 Bxd4 28. Bxd4 Kh8 29. Rf4 Qxb2 30. Qh6 Qc1+ 31. Kf2 Rg8 32. Ne2 Qd2 33. Be3 g5 34. Bxd2 gxf4 35. Nxf4 Nb6 36. Bb4 Nc4 37. Nd3 a5 38. Bc3 a4 39. Nf4 a3 40. Nh3 Rg6 41. Qh5 Kg8 42. Ng5 h6 43. Nf3 a2 44. g4 a1Q 45. Bxa1 Rxa1 46. g5 Ra2 47. Nd4 hxg5 48. Qh6 Nxe5 49. Qh3 g4 50. Qb3 Ra8 51. Qb7 g3+ 52. hxg3 Rxf6+ 53. Ke2 Rf8 54. Qc7 Bc8 55. Qxe5 Rg6 56. Nf3 Ba6+ 57. Ke3 Bc4 58. Nh4 Rg4 59. Kf3 Rg7 60. Qf6 Re8 61. Qe5 Ba2 62. g4 Bb1 63. c3 Be4+ 64. Kf4 Bg6 65. Nf3 Rc8 66. Nd4 Be4 67. g5 Rg6 68. Qd6 Rf8 69. Ne2 Re8 70. Ng3 e5+ 71. Kg4 Rxd6 0-1

[Event "Titled Tuesday intern op 20th Jun Early"]
[Site "Chess.com INT"]
[Date "2023.06.20"]
[Round "7"]
[White "Timerkhanov, Alexander"]
[Black "Kraiouchkine, Nikita"]
[Result "1-0"]
[WhiteElo "2357"]
[BlackElo "2218"]
[PlyCount "57"]
[EventDate "2023.06.20"]
[EventType "swiss (blitz)"]
[EventRounds "11"]
[EventCountry "USA"]
[SourceTitle "EXT 2024"]
[Source "ChessBase"]
[SourceDate "2023.10.10"]
[SourceVersion "1"]
[SourceVersionDate "2023.10.10"]
[SourceQuality "1"]

1. d4 Nf6 2. Bg5 g6 3. Bxf6 exf6 4. e3 f5 5. g3 d5 6. Bg2 c6 7. Ne2 Bg7 8. Nd2 0-0 9. 0-0 Be6 10. Rc1 b5 11. b3 b4 12. c4 bxc3 13. Rxc3 Qb6 14. Qc1 Rc8 15. Nf4 Na6 16. a3 Rc7 17. b4 Rac8 18. Nb3 Bf8 19. Na5 Nb8 20. Qc2 Bd6 21. Rc1 Bd7 22. h4 Bxf4 23. gxf4 h5 24. Bxd5 Qb5 25. Bg2 Be8 26. Rc5 Qb6 27. d5 Rd7 28. dxc6 Rd6 29. Nc4 1-0

[Event "Titled Tuesday intern op 13th Jun Late"]
[Site "Chess.com INT"]
[Date "2023.06.13"]
[Round "2"]
[White "Bagchi, Sounak"]
[Black "Kraiouchkine, Nikita"]
[Result "0-1"]
[WhiteElo "1950"]
[BlackElo "2218"]
[PlyCount "62"]
[EventDate "2023.06.13"]
[EventType "swiss (blitz)"]
[EventRounds "11"]
[EventCountry "USA"]
[SourceTitle "EXT 2024"]
[Source "ChessBase"]
[SourceDate "2023.10.10"]
[SourceVersion "1"]
[SourceVersionDate "2023.10.10"]
[SourceQuality "1"]

1. e4 e5 2. Nf3 Nc6 3. d4 exd4 4. Nxd4 Nf6 5. Nxc6 bxc6 6. e5 Qe7 7. Qe2 Nd5 8. h4 Qe6 9. g3 d6 10. c4 Nb6 11. Bg2 dxe5 12. b3 Bb4+ 13. Bd2 Bc5 14. Nc3 0-0 15. 0-0-0 a5 16. Rhe1 Re8 17. Ne4 Ba3+ 18. Kb1 a4 19. Ng5 Qe7 20. Be4 h6 21. Qh5 axb3 22. axb3 Be6 23. Bxc6 Nxc4 24. Bxe8 hxg5 25. Bc6 Rb8 26. Ba4 Nb2 27. Qf3 Nxa4 28. Bxg5 f6 29. Rd3 Nc5 30. Rc3 Nxb3 31. Rcc1 Nd4+ 0-1

[Event "Titled Tuesday intern op 13th Jun Late"]
[Site "Chess.com INT"]
[Date "2023.06.13"]
[Round "8"]
[White "Kraiouchkine, Nikita"]
[Black "Kornyukov, Alexey"]
[Result "0-1"]
[WhiteElo "2218"]
[BlackElo "2452"]
[PlyCount "76"]
[EventDate "2023.06.13"]
[EventType "swiss (blitz)"]
[EventRounds "11"]
[EventCountry "USA"]
[SourceTitle "EXT 2024"]
[Source "ChessBase"]
[SourceDate "2023.10.10"]
[SourceVersion "1"]
[SourceVersionDate "2023.10.10"]
[SourceQuality "1"]

1. e4 c5 2. Nf3 Nc6 3. d4 cxd4 4. Nxd4 Nf6 5. Nc3 e5 6. Ndb5 d6 7. Bg5 a6 8. Na3 b5 9. Nd5 Be7 10. Bxf6 Bxf6 11. c3 0-0 12. Nc2 Bg5 13. Bd3 Ne7 14. a4 bxa4 15. Rxa4 Nxd5 16. exd5 f5 17. Qe2 a5 18. Bb5 Bb7 19. Bc4 Qb6 20. b3 Qc5 21. Qd3 e4 22. Qd4 Bf6 23. Qxc5 Bxc3+ 24. Ke2 dxc5 25. g3 Rfd8 26. Ne3 g6 27. f3 exf3+ 28. Kxf3 Bd4 29. Re1 Bxe3 30. Rxe3 Bxd5+ 31. Bxd5+ Rxd5 32. Re7 Rd3+ 33. Kf4 Rxb3 34. Kg5 Rb4 35. Ra1 Re4 36. Rc7 Rae8 37. Rxa5 R8e7 38. Rcxc5 Kg7 0-1

[Event "Titled Tuesday intern op 13th Jun Late"]
[Site "Chess.com INT"]
[Date "2023.06.13"]
[Round "5"]
[White "Kraiouchkine, Nikita"]
[Black "Perez Ponsa, Federico"]
[Result "0-1"]
[WhiteElo "2218"]
[BlackElo "2527"]
[PlyCount "88"]
[EventDate "2023.06.13"]
[EventType "swiss (blitz)"]
[EventRounds "11"]
[EventCountry "USA"]
[SourceTitle "EXT 2024"]
[Source "ChessBase"]
[SourceDate "2023.10.10"]
[SourceVersion "1"]
[SourceVersionDate "2023.10.10"]
[SourceQuality "1"]

1. e4 c6 2. d4 d5 3. Nc3 dxe4 4. Nxe4 Nf6 5. Ng5 h6 6. Nxf7 Kxf7 7. Nf3 Bf5 8. Bc4+ e6 9. Qe2 Nbd7 10. h3 Nd5 11. g4 Bh7 12. g5 Bd6 13. gxh6 gxh6 14. Bxh6 Bf5 15. Bg5 Qc7 16. 0-0-0 Rag8 17. h4 Bf4+ 18. Kb1 b5 19. Bd3 Bxd3 20. Qxd3 Qd6 21. Rde1 Nf8 22. Qe4 Ke8 23. Rhg1 Kd7 24. Ne5+ Bxe5 25. dxe5 Qb4 26. Qxb4 Nxb4 27. f4 Nd5 28. b3 b4 29. Kc1 Ng6 30. f5 exf5 31. e6+ Ke8 32. Rh1 Rh5 33. Kd2 Rgh8 34. Ref1 Nxh4 35. Bxh4 Rxh4 36. Rxh4 Rxh4 37. Rxf5 Ke7 38. Rf7+ Kxe6 39. Rxa7 Kd6 40. Kd3 Rh3+ 41. Kd2 Nc3 42. a4 bxa3 43. Kc1 Rh1+ 44. Kd2 a2 0-1

[Event "Titled Tuesday intern op 13th Jun Early"]
[Site "Chess.com INT"]
[Date "2023.06.13"]
[Round "4"]
[White "Kraiouchkine, Nikita"]
[Black "Strybuk, Artsiom I"]
[Result "1-0"]
[WhiteElo "2218"]
[BlackElo "2408"]
[PlyCount "107"]
[EventDate "2023.06.13"]
[EventType "swiss (blitz)"]
[EventRounds "11"]
[EventCountry "USA"]
[SourceTitle "EXT 2024"]
[Source "ChessBase"]
[SourceDate "2023.10.10"]
[SourceVersion "1"]
[SourceVersionDate "2023.10.10"]
[SourceQuality "1"]

1. e4 c5 2. Nf3 d6 3. d4 cxd4 4. Nxd4 Nf6 5. Nc3 Nc6 6. Bc4 Qb6 7. Nb3 e6 8. Be3 Qc7 9. Be2 Be7 10. f4 a6 11. a4 b6 12. Qd2 Bb7 13. Bf3 0-0 14. Qf2 b5 15. Bb6 Qd7 16. axb5 axb5 17. Nxb5 Rxa1+ 18. Nxa1 Nb4 19. Nc3 d5 20. exd5 Nfxd5 21. Nxd5 Nxd5 22. Bd4 Qc7 23. 0-0 Qxf4 24. Nb3 Ba6 25. Ra1 Bc4 26. Nd2 Bf6 27. Bxf6 Nxf6 28. b3 Bd5 29. Bxd5 Qe5 30. Re1 Qxd5 31. Nf3 Rc8 32. c4 Qd3 33. Qe3 Qc2 34. Nd4 Qb2 35. Re2 Qa1+ 36. Re1 Qb2 37. Nb5 h6 38. Qc3 Qxc3 39. Nxc3 Nd7 40. Ne4 Kf8 41. Ra1 Ke7 42. Ra7 Kd8 43. Nc3 Rb8 44. Nb5 f6 45. Kf2 g5 46. Ke3 Nc5 47. b4 Nd7 48. Kd4 h5 49. Kc3 h4 50. Nd6 g4 51. c5 Ne5 52. b5 h3 53. gxh3 gxh3 54. c6 1-0

[Event "Titled Tuesday intern op 13th Jun Late"]
[Site "Chess.com INT"]
[Date "2023.06.13"]
[Round "7"]
[White "Lopez Perdomo, Juan David"]
[Black "Kraiouchkine, Nikita"]
[Result "0-1"]
[WhiteElo "2029"]
[BlackElo "2218"]
[PlyCount "46"]
[EventDate "2023.06.13"]
[EventType "swiss (blitz)"]
[EventRounds "11"]
[EventCountry "USA"]
[SourceTitle "EXT 2024"]
[Source "ChessBase"]
[SourceDate "2023.10.10"]
[SourceVersion "1"]
[SourceVersionDate "2023.10.10"]
[SourceQuality "1"]

1. d4 Nf6 2. c4 g6 3. e3 Bg7 4. Bd3 0-0 5. Ne2 d5 6. cxd5 Nxd5 7. a3 c5 8. dxc5 Qa5+ 9. Nd2 Rd8 10. Qc2 Nd7 11. 0-0 Qxc5 12. Qb1 Ne5 13. Bc2 Nxe3 14. fxe3 Qxe3+ 15. Rf2 Rxd2 16. Bxd2 Qxd2 17. Nf4 Qd4 18. Ne2 Qb6 19. Kf1 Bg4 20. Ng3 Nc4 21. Qc1 Bxb2 22. Qd1 Bxd1 23. Rxd1 Ne3+ 0-1

[Event "Titled Tuesday intern op 06th Jun Late"]
[Site "Chess.com INT"]
[Date "2023.06.06"]
[Round "10"]
[White "Ai, Evan Zihao"]
[Black "Kraiouchkine, Nikita"]
[Result "1-0"]
[WhiteElo "2055"]
[BlackElo "2218"]
[PlyCount "175"]
[EventDate "2023.06.06"]
[EventType "swiss (blitz)"]
[EventRounds "11"]
[EventCountry "USA"]
[SourceTitle "EXT 2024"]
[Source "ChessBase"]
[SourceDate "2023.10.10"]
[SourceVersion "1"]
[SourceVersionDate "2023.10.10"]
[SourceQuality "1"]

1. e4 e5 2. f4 d5 3. Nf3 dxe4 4. Nxe5 Nd7 5. Nxd7 Bxd7 6. Nc3 Nf6 7. Bc4 Bc5 8. d4 exd3 9. Qxd3 0-0 10. Bd2 Re8+ 11. Ne2 Bg4 12. Qxd8 Raxd8 13. Bc3 Bxe2 14. Bxe2 Re4 15. Rd1 Rde8 16. Be5 Ng4 17. Rd5 Nxe5 18. Rxe5 R4xe5 19. fxe5 Rxe5 20. Kd2 g6 21. Bd3 Bd6 22. g3 Rh5 23. Be4 c6 24. Bf3 Rf5 25. Rf1 Kg7 26. Bg2 Re5 27. Re1 Rh5 28. h3 Bxg3 29. Re7 Rb5 30. b3 Bd6 31. Rd7 Bf4+ 32. Kd3 a5 33. a4 Rb6 34. Ke4 Bg3 35. Bf1 Kf6 36. Bc4 Kg5 37. Rxf7 c5 38. Rxh7 Rf6 39. Kd5 Rf4 40. Kxc5 Bf2+ 41. Kd6 b6 42. Kc6 Rf6+ 43. Kb5 Bc5 44. Bd3 Kf4 45. Rg7 g5 46. Rh7 Kg3 47. Rh5 Be3 48. c3 Rf2 49. b4 axb4 50. cxb4 Rb2 51. Kc4 Bd2 52. b5 Rb4+ 53. Kd5 Rxa4 54. Kc6 Be3 55. Rh7 Ra3 56. Bf5 Rc3+ 57. Kb7 Rc5 58. Bd7 Rd5 59. Re7 Bc5 60. Rf7 Re5 61. Kc6 Re3 62. Bg4 Kg2 63. Rf5 Re6+ 64. Kd5 Rg6 65. Bh5 Rg7 66. Bg4 Kg3 67. Ke6 Be3 68. Kf6 Rg8 69. Kf7 Rd8 70. Re5 Bf4 71. Re6 Rb8 72. Ke7 Kf2 73. Rg6 Be3 74. Kd7 Ra8 75. Rf6+ Kg2 76. Kc6 Ra1 77. Kd5 Bf4 78. Rxb6 Rb1 79. Kc6 Be3 80. Rb8 Kf2 81. Rf8+ Kg3 82. Rf3+ Kg2 83. Rxe3 Rc1+ 84. Kd5 Rb1 85. Kc5 Rc1+ 86. Kb4 Rb1+ 87. Rb3 Rc1 88. b6 1-0

[Event "Titled Tuesday intern op 06th Jun Early"]
[Site "Chess.com INT"]
[Date "2023.06.06"]
[Round "11"]
[White "Kraiouchkine, Nikita"]
[Black "Hoffmann, Asa"]
[Result "1-0"]
[WhiteElo "2218"]
[BlackElo "2185"]
[PlyCount "175"]
[EventDate "2023.06.06"]
[EventType "swiss (blitz)"]
[EventRounds "11"]
[EventCountry "USA"]
[SourceTitle "EXT 2024"]
[Source "ChessBase"]
[SourceDate "2023.10.10"]
[SourceVersion "1"]
[SourceVersionDate "2023.10.10"]
[SourceQuality "1"]

1. e4 d6 2. d4 Nf6 3. Nc3 c6 4. f4 Qa5 5. Bd3 e5 6. Nf3 exd4 7. Nxd4 Qb6 8. Be3 Ng4 9. Bg1 Qxb2 10. Nde2 Qa3 11. h3 Nf6 12. Bd4 Be7 13. e5 Nd5 14. Nxd5 cxd5 15. exd6 Qxd6 16. Bxg7 Rg8 17. Be5 Qb6 18. Rb1 Qe3 19. Bd4 Qe6 20. f5 Qh6 21. 0-0 Nc6 22. Bb5 Qxh3 23. Nf4 Qxf5 24. Qe2 Qe4 25. Qxe4 dxe4 26. Nd5 Bd8 27. Rbe1 f5 28. Bc3 Be6 29. Nf4 Bf7 30. Nh3 Be6 31. Nf4 Bd7 32. Bc4 Rf8 33. Nh5 Bb6+ 34. Kh2 0-0-0 35. Be5 Bc7 36. Bxc7 Kxc7 37. Nf4 Rf6 38. Nd5+ Kd6 39. Nxf6 Kc5 40. Bb3 Be8 41. Rxf5+ Kb4 42. Rxe4+ Ka3 43. Nd5 Bg6 44. Ra4+ Kb2 45. Rf2 Ne5 46. c4+ Ka1 47. c5 Ng4+ 48. Kg3 Nxf2 49. Kxf2 Be4 50. Ne3 Bc6 51. Rc4 Kb2 52. Rc2+ Ka3 53. Nc4+ Kb4 54. Ne3 Rf8+ 55. Ke2 Re8 56. Kd2 Rd8+ 57. Ke2 Re8 58. Rc4+ Kb5 59. Rh4 Kxc5 60. Rxh7 Bxg2 61. Kd2 Bc6 62. Rh5+ Kb6 63. Nc4+ Kc7 64. Rh7+ Kb8 65. Kc3 a6 66. Na5 Be4 67. Rg7 Rc8+ 68. Kd4 Re8 69. Nc4 Bc6 70. Nd6 Rd8 71. Kc5 Rf8 72. Bc4 Rh8 73. Re7 Ka7 74. Kb4 Rh6 75. Nf5 Rf6 76. Nd4 Rd6 77. Nxc6+ Rxc6 78. Bd5 Rb6+ 79. Kc5 Rb5+ 80. Kc4 Rb2 81. Kc5 Rc2+ 82. Kd6 Rd2 83. Rh7 Rb2 84. a4 a5 85. Rh5 Ka6 86. Rh7 b5 87. axb5+ Rxb5 88. Bc4 1-0